Metalsmiths and Mentors (Record no. 802)

MARC details
000 -CABECERA
campo de control de longitud fija 01105nam a2200277 a 4500
001 - NÚMERO DE CONTROL
campo de control BRCA_909
005 - FECHA Y HORA DE LA ÚLTIMA TRANSACCIÓN
campo de control 20190320203213.0
008 - DATOS DE LONGITUD FIJA--INFORMACIÓN GENERAL
campo de control de longitud fija 051122s2006----u--a#####c---#000-0#eng-#
020 ## - NÚMERO INTERNACIONAL ESTÁNDAR DEL LIBRO
Número Internacional Estándar del Libro 093290081X
040 ## - FUENTE DE LA CATALOGACIÓN
Centro catalogador/agencia de origen DLC
Centro/agencia transcriptor DLC
Centro/agencia modificador GZM
041 ## - CÓDIGO DE LENGUA
Código de lengua del texto/banda sonora o título independiente eng
044 ## - CÓDIGO DEL PAÍS DE LA ENTIDAD EDITORA/PRODUCTORA
Código MARC del país u
050 #4 - SIGNATURA TOPOGRÁFICA DE LA BIBLIOTECA DEL CONGRESO
Número de clasificación NK6498.F4
Número de documento/Ítem .C56 2006
100 1# - ENTRADA PRINCIPAL--NOMBRE DE PERSONA
Nombre de persona Clowes, Jody
9 (RLIN) 3013
245 10 - MENCIÓN DE TÍTULO
Título Metalsmiths and Mentors
Resto del título Fred Fenster and Eleanor Moty at the University of Wisconsin-Madison
Mención de responsabilidad, etc. by Jody Clowes.
260 ## - PUBLICACIÓN, DISTRIBUCIÓN, ETC.
Lugar de publicación, distribución, etc. Madison, Wisconsin
Nombre del editor, distribuidor, etc. Chazen Museum of Art : University of Wisconsin-Madison
Fecha de publicación, distribución, etc. 2006
300 ## - DESCRIPCIÓN FÍSICA
Extensión 125 p.
Otras características físicas il. a color
Dimensiones 28 cm.
500 ## - NOTA GENERAL
Nota general Catálogo de la exposición realizada en The Chazen Museum of Art, University of Wisconsin-Madison (Madison), 29 abril - 23 julio, 2006
600 14 - PUNTO DE ACCESO ADICIONAL DE MATERIA--NOMBRE DE PERSONA
Nombre de persona Fenster, Fred
Fechas asociadas al nombre 1934-
Subdivisión de forma Exposiciones
9 (RLIN) 3014
600 14 - PUNTO DE ACCESO ADICIONAL DE MATERIA--NOMBRE DE PERSONA
Nombre de persona Moty, Eleanor
Subdivisión de forma Exposiciones
9 (RLIN) 3015
610 24 - PUNTO DE ACCESO ADICIONAL DE MATERIA--NOMBRE DE ENTIDAD CORPORATIVA
Nombre de entidad corporativa o nombre de jurisdicción como elemento de entrada University of Wisconsin-Madison
Subdivisión de forma Exposiciones
Subdivisión general Consejeros
9 (RLIN) 3016
650 14 - PUNTO DE ACCESO ADICIONAL DE MATERIA--TÉRMINO DE MATERIA
Término de materia o nombre geográfico como elemento de entrada Arte metalisteria
Subdivisión de forma Exposiciones
Subdivisión geográfica Wisconsin - Madison
9 (RLIN) 3017
700 1# - PUNTO DE ACCESO ADICIONAL--NOMBRE DE PERSONA
Nombre de persona Fenster, Fred
Fechas asociadas al nombre 1934-
9 (RLIN) 3018
700 1# - PUNTO DE ACCESO ADICIONAL--NOMBRE DE PERSONA
Nombre de persona Moty, Eleanor
9 (RLIN) 3019
942 ## - ELEMENTOS DE PUNTO DE ACCESO ADICIONAL (KOHA)
Fuente del sistema de clasificación o colocación Library of Congress Classification
Tipo de ítem Koha Libros
Holdings
Estado de retiro Estado de pérdida Estado dañado No para préstamo Localización permanente Ubicación/localización actual Fecha de adquisición Total de préstamos Signatura topográfica completa Código de barras Fecha visto por última vez Precio válido a partir de Tipo de ítem Koha
El ejemplar forma parte de la colección y puede ser consultado según las políticas vigentes.       Biblioteca del Museo Franz Mayer (Rogerio Casas-Alatriste) Biblioteca del Museo Franz Mayer (Rogerio Casas-Alatriste) 26/06/2008   NK6498.F4 .C56 2006 01382 22/03/2019 22/03/2019 Libros